Quiz de times de Linafoot / Vodacom Ligue 1 2024/25 - Statistics

Estatísticas Gerais
  • Esse quiz foi jogado 5 vezes
  • A pontuação média é 4 de 25
Estatísticas das Respostas
Times % Correto
Mazembe
67%
Balende
33%
Bukavu
33%
Cercle DB
33%
Malole
33%
Noirs
33%
SE Lupopo
33%
Simba Kolwezi
33%
Verts
33%
Vita
33%
Aigles
0%
Bazano
0%
Blessing
0%
Celeste
0%
Kivu
0%
Kuya
0%
Lubumbashi
0%
Maniema
0%
New Jack
0%
Panda Likasi
0%
Pembe
0%
Rangers Kinshasa
0%
Renaissance
0%
Tanganyika
0%
Tshinkunku
0%
Nenhum quiz correspondente encontrado
Distribuição das Pontuações
Porcentagem de Pessoas com Cada Pontuação
Percentil de Números Respondidos
Sua Pontuação Histórica
Você não jogou esse quiz